[Event "Elit(LASK-Stockholms SS)"]
[Site "?"]
[Date "2024.03.10"]
[Round "9"]
[White "Ahlander, Bjorn"]
[Black "Bergstrom, Assar"]
[Result "1-0"]
[WhiteElo "2379"]
[BlackElo "1849"]
[PlyCount "65"]
[SourceVersionDate "2024.03.12"]

1. d4 d5 2. c4 c6 3. Nf3 Nf6 4. Nc3 e6 5. Bg5 h6 6. Bh4 Be7 7. e3 O-O 8. Qc2
Nbd7 9. O-O-O dxc4 10. Bxc4 Nd5 11. Bxe7 Qxe7 12. Kb1 Nb4 13. Qe4 b5 14. Be2 a5
15. h4 a4 16. Rc1 Bb7 17. g4 Nf6 18. Qf4 Nbd5 19. Qe5 Nxc3+ 20. Rxc3 b4 21.
Rcc1 a3 22. b3 Nxg4 23. Qg3 f5 24. Nd2 Nf6 25. Bf3 Rac8 26. Nc4 Rfd8 27. Rhg1
c5 28. Bxb7 Qxb7 29. Nd6 Ne4 30. Nxb7 Nxg3 31. Nxd8 Ne2 32. Nxe6 Kf7 33. Nxc5
1-0

[Event "Elit(Rockaden, Stockholm-Wasa)"]
[Site "?"]
[Date "2024.03.10"]
[Round "9"]
[White "Hellers, Ferdinand"]
[Black "Hammer, Jon Ludvig"]
[Result "1/2-1/2"]
[WhiteElo "2591"]
[BlackElo "2612"]
[PlyCount "82"]
[SourceVersionDate "2024.03.12"]

1. e4 c6 2. d4 d5 3. Nc3 dxe4 4. Nxe4 Nf6 5. Nxf6+ exf6 6. c3 Bd6 7. Bd3 O-O 8.
Qc2 Re8+ 9. Ne2 h5 10. O-O h4 11. h3 Nd7 12. Bf4 Nf8 13. Qd2 Ng6 14. Bxd6 Qxd6
15. Rfe1 Be6 16. c4 c5 17. d5 Ne5 18. Nc3 Bd7 19. Bf1 Ng6 20. Ne4 Qc7 21. Re3
f5 22. Ng5 Rxe3 23. Qxe3 Qa5 24. Nf3 Re8 25. Qd2 Qxd2 26. Nxd2 Kf8 27. a3 Ke7
28. b4 Kd6 29. bxc5+ Kxc5 30. Nb3+ Kd6 31. c5+ Kxd5 32. Rd1+ Kc6 33. Na5+ Kc7
34. Nxb7 Re5 35. Nd6 Rxc5 36. Nxf7 Rc3 37. Nd6 Rc5 38. Nb7 Rc3 39. Nd6 Rc5 40.
Nb7 Re5 41. Nd6 Rc5 1/2-1/2

[Event "Elit(Eksjo-Orgryte)"]
[Site "?"]
[Date "2024.03.10"]
[Round "9"]
[White "Olsson, William"]
[Black "Gdanski, Jacek"]
[Result "1/2-1/2"]
[WhiteElo "2379"]
[BlackElo "2490"]
[PlyCount "111"]
[SourceVersionDate "2024.03.12"]

1. Nf3 c5 2. c4 g6 3. Nc3 Bg7 4. g3 Nc6 5. Bg2 e5 6. a3 a5 7. O-O Nge7 8. Ne1
d6 9. Nc2 O-O 10. Rb1 Be6 11. Ne3 Rb8 12. d3 h6 13. Ned5 Kh7 14. Bd2 f5 15. e3
g5 16. Nb5 Ng6 17. b4 axb4 18. axb4 Rf7 19. bxc5 dxc5 20. Nbc3 g4 21. f3 gxf3
22. Qxf3 Nb4 23. e4 Nxd5 24. exd5 Bd7 25. Qh5 b6 26. Ne4 f4 27. h4 Rf5 28. Ng5+
Kg8 29. Qxg6 hxg5 30. Be4 Qf6 31. Bxf5 Qxf5 32. Qxf5 Bxf5 33. Rb3 gxh4 34. gxf4
e4 35. dxe4 Bxe4 36. Bc3 Bxc3 37. Rxc3 Kf7 38. Re1 Bf5 39. Re5 Kf6 40. Rb3 h3
41. Kh2 Bd7 42. Re2 Kf5 43. Re7 Ba4 44. Rxh3 b5 45. Ra3 Kxf4 46. Kg2 Bd1 47.
Ra1 Bf3+ 48. Kf2 Bg4 49. Rb1 b4 50. Rc7 Bf5 51. Rb3 Ke5 52. Rxc5 Bc2 53. Rb2
Kd4 54. Rb5 Rf8+ 55. Kg3 b3 56. R5xb3 1/2-1/2

[Event "Elit(Rockaden, Stockholm-Wasa)"]
[Site "?"]
[Date "2024.03.10"]
[Round "9"]
[White "Blomqvist, Erik"]
[Black "Meshkovs, Nikita"]
[Result "1/2-1/2"]
[WhiteElo "2515"]
[BlackElo "2532"]
[PlyCount "88"]
[SourceVersionDate "2024.03.12"]

1. e4 c5 2. Nf3 Nc6 3. c3 Nf6 4. e5 Nd5 5. Bc4 Nb6 6. Bb3 d5 7. exd6 Qxd6 8.
O-O Bf5 9. d4 cxd4 10. Nxd4 Nxd4 11. cxd4 g6 12. Re1 Bg7 13. Bg5 Bf6 14. Bxf6
Qxf6 15. Qf3 O-O 16. Qxb7 e6 17. Nc3 Rfd8 18. Rad1 Rd7 19. Qf3 Rxd4 20. Rxd4
Qxd4 21. Rd1 Qh4 22. Qb7 Qb4 23. Rd2 a5 24. h3 h5 25. Rd1 Rf8 26. Na4 Nd5 27.
Bxd5 Qxa4 28. Bb3 Qf4 29. Qa7 Qb4 30. Qd4 Rb8 31. Qxb4 Rxb4 32. Rd8+ Kg7 33.
Ra8 Rb5 34. h4 Kf6 35. Ra7 Re5 36. Kh2 Re2 37. Kg3 g5 38. hxg5+ Kxg5 39. Rxa5
Rxb2 40. Ra4 Bg4 41. Ra5+ Bf5 42. Kf3 h4 43. g4 hxg3 44. Kxg3 Kf6 1/2-1/2

[Event "Elit(Limhamn-Kungstornet)"]
[Site "?"]
[Date "2024.03.10"]
[Round "9"]
[White "Domingo Nunez, Ruben"]
[Black "Larsson, Anders"]
[Result "1-0"]
[WhiteElo "2439"]
[BlackElo "2220"]
[PlyCount "87"]
[SourceVersionDate "2024.03.13"]

1. e4 c5 2. b3 Nc6 3. Bb2 Nf6 4. e5 Nd5 5. Qf3 e6 6. Qg3 d6 7. f4 Nde7 8. Nf3
d5 9. Qf2 Qb6 10. Nc3 Nf5 11. Bd3 Nb4 12. Bb5+ Bd7 13. Bxd7+ Kxd7 14. O-O-O Rc8
15. Kb1 h5 16. g3 Kc7 17. Ng5 f6 18. exf6 Nd4 19. Na4 Qc6 20. Nf7 Rh7 21. Ne5
Qa6 22. fxg7 Rxg7 23. Bxd4 cxd4 24. Qxd4 Kb8 25. c3 b5 26. cxb4 bxa4 27. Rc1
axb3 28. Rxc8+ Qxc8 29. axb3 Rc7 30. b5 Bg7 31. b6 axb6 32. Qxb6+ Qb7 33. Qxb7+
Rxb7 34. Re1 h4 35. Kc2 Kc7 36. Nf3 hxg3 37. Rxe6 gxh2 38. Nxh2 Kd7 39. Ra6 Ke8
40. Ng4 Kf7 41. Rd6 Rb4 42. Ne5+ Ke7 43. Rd7+ Kf6 44. Rf7+ 1-0

[Event "Elit(Rockaden, Stockholm-Wasa)"]
[Site "?"]
[Date "2024.03.10"]
[Round "9"]
[White "Grigorov, Grigor"]
[Black "Neiksans, Arturs"]
[Result "1/2-1/2"]
[WhiteElo "2513"]
[BlackElo "2588"]
[PlyCount "79"]
[SourceVersionDate "2024.03.12"]

1. d4 Nf6 2. Nf3 e6 3. Bg5 h6 4. Bh4 d6 5. Nbd2 g5 6. Bg3 Nh5 7. e4 Bg7 8. c3
Nd7 9. Nc4 Nxg3 10. hxg3 b5 11. Ne3 Rb8 12. d5 Nc5 13. Nd4 Bd7 14. Qc2 b4 15.
Bc4 bxc3 16. bxc3 Qf6 17. O-O Qg6 18. f4 gxf4 19. gxf4 Qxe4 20. Qd2 Kd8 21.
Rae1 Qg6 22. dxe6 fxe6 23. f5 exf5 24. Nexf5 Re8 25. Rxe8+ Bxe8 26. Nxg7 Qxg7
27. Rf5 Rb1+ 28. Kh2 Qg3+ 29. Kxg3 Ne4+ 30. Kf4 Nxd2 31. Bd3 Re1 32. Ra5 c5 33.
Nf5 c4 34. Bc2 Bc6 35. Nxd6 Rc1 36. Ba4 Bxa4 37. Rxa4 Rxc3 38. Rxa7 Rd3 39.
Nf7+ Kc8 40. Ne5 1/2-1/2

[Event "Elit(Eksjo-Orgryte)"]
[Site "?"]
[Date "2024.03.10"]
[Round "9"]
[White "Kumar, Rahul"]
[Black "Vernersson, Per"]
[Result "0-1"]
[WhiteElo "2242"]
[BlackElo "2259"]
[PlyCount "102"]
[SourceVersionDate "2024.03.12"]

1. d4 d5 2. Nf3 Nf6 3. e3 Bg4 4. c4 c6 5. Qb3 Bc8 6. Nc3 e6 7. Bd3 Nbd7 8. O-O
Bd6 9. Re1 O-O 10. e4 dxc4 11. Bxc4 e5 12. d5 b5 13. Bf1 b4 14. Na4 Bb7 15. Bg5
cxd5 16. exd5 Qa5 17. Qd1 e4 18. Nd2 Qxd5 19. Be3 Ne5 20. Nc4 Nxc4 21. Bxc4
Bxh2+ 22. Kxh2 Qxc4 23. b3 Qe6 24. Qd4 a5 25. Rad1 Qf5 26. Qc5 Bd5 27. Nb6 Rad8
28. Qxa5 Rfe8 29. Kg1 h5 30. Rd4 h4 31. Red1 Re5 32. Nxd5 Rdxd5 33. Rxd5 Rxd5
34. Rxd5 Qxd5 35. Qxd5 Nxd5 36. Bc5 f6 37. Kh2 Kf7 38. Kh3 g5 39. g3 hxg3 40.
Kxg3 f5 41. Kg2 Ke6 42. Kg3 Ke5 43. Kg2 Kf4 44. Bd6+ Kg4 45. a4 bxa3 46. Bxa3
Nf4+ 47. Kf1 Kf3 48. Bc1 Nd3 49. Bxg5 Nxf2 50. Bd2 e3 51. Bc3 Ne4 0-1

[Event "Elit(Limhamn-Kungstornet)"]
[Site "?"]
[Date "2024.03.10"]
[Round "9"]
[White "Henriksson, Johan"]
[Black "Lindgren, Philip"]
[Result "1/2-1/2"]
[WhiteElo "2283"]
[BlackElo "2385"]
[PlyCount "110"]
[SourceVersionDate "2024.03.13"]

1. d4 Nf6 2. c4 e6 3. g3 d5 4. Nf3 Bb4+ 5. Bd2 Be7 6. Bg2 O-O 7. Qc2 c6 8. O-O
b6 9. Bf4 Nbd7 10. cxd5 cxd5 11. Nc3 Bb7 12. Rac1 Rc8 13. Qb3 a6 14. a4 Nh5 15.
Na2 Nxf4 16. gxf4 Rc4 17. Rxc4 dxc4 18. Qxc4 Bd5 19. Qc2 Bxa2 20. b3 Bxb3 21.
Qxb3 Qc7 22. Ne5 Nxe5 23. fxe5 Rb8 24. Qb2 b5 25. Rc1 Qd8 26. axb5 axb5 27. e4
Bg5 28. Rc5 b4 29. d5 b3 30. d6 Bf4 31. Bf1 Qg5+ 32. Kh1 Qh5 33. h3 Qd1 34. Kg2
g6 35. Be2 Qd2 36. Qxd2 Bxd2 37. Bd3 Kg7 38. h4 b2 39. Bb1 Bf4 40. Kf3 Bh2 41.
Kg2 Bf4 42. Kf3 Bd2 43. Ke2 Bb4 44. Rc4 Ba5 45. f4 Bd8 46. h5 gxh5 47. f5 Bg5
48. Rc7 Re8 49. d7 Rd8 50. Kf3 Bd2 51. Ba2 Kh6 52. Rb7 Bc3 53. Kf4 Bd2+ 54. Kf3
Bc3 55. Kf4 Bd2+ 1/2-1/2

[Event "Elit(Rockaden, Stockholm-Wasa)"]
[Site "?"]
[Date "2024.03.10"]
[Round "9"]
[White "Seo, Jung Min"]
[Black "Berg, Emanuel"]
[Result "1/2-1/2"]
[WhiteElo "2504"]
[BlackElo "2481"]
[PlyCount "104"]
[SourceVersionDate "2024.03.12"]

1. d4 Nf6 2. c4 g6 3. Nc3 Bg7 4. e4 d6 5. h3 O-O 6. Be3 e5 7. d5 a5 8. g4 Na6
9. Nge2 Nc5 10. Ng3 c6 11. g5 Nfd7 12. Qd2 cxd5 13. exd5 e4 14. Ngxe4 Ne5 15.
Be2 Nxe4 16. Nxe4 Bf5 17. Ng3 Qc8 18. Rc1 Re8 19. f4 Nd7 20. Nxf5 gxf5 21. Rc2
Nc5 22. O-O Ne4 23. Qc1 Re7 24. Bf3 Qd7 25. Kg2 Rae8 26. Bg1 b5 27. cxb5 Qxb5
28. Rd1 a4 29. Re2 Rb8 30. Qc2 Qxb2 31. Qxb2 Rxb2 32. Rxb2 Bxb2 33. Re1 Kf8 34.
Bd1 a3 35. Bc2 Rc7 36. Bxe4 fxe4 37. Rxe4 Rc2+ 38. Kf3 Rd2 39. Ra4 Rxd5 40. Ke2
Kg7 41. Be3 Kg6 42. Ra7 h6 43. gxh6 Rh5 44. Ra6 Kxh6 45. Rxd6+ Kh7 46. Rd7 Kg8
47. Rd3 Rxh3 48. Bc5 Rxd3 49. Kxd3 f5 50. Kc2 Kf7 51. Kb3 Bc1 52. Bxa3 Bxf4
1/2-1/2

[Event "Elit(Eksjo-Orgryte)"]
[Site "?"]
[Date "2024.03.10"]
[Round "9"]
[White "Krantz, Christopher"]
[Black "Eksmyr, Johan"]
[Result "0-1"]
[WhiteElo "2257"]
[BlackElo "2078"]
[PlyCount "158"]
[SourceVersionDate "2024.03.12"]

1. e4 c6 2. Nc3 d5 3. Nf3 Bg4 4. h3 Bh5 5. exd5 cxd5 6. g4 Bg6 7. d4 Nc6 8. Ne5
e6 9. h4 f6 10. Nxg6 hxg6 11. Qd3 Kf7 12. a3 Qb6 13. Ne2 Bd6 14. Bg2 Nge7 15.
b3 Rad8 16. Bb2 Qa5+ 17. Bc3 Qc7 18. Bb2 Bf4 19. Nxf4 Qxf4 20. Qf3 g5 21. Qxf4
gxf4 22. O-O-O b5 23. Rde1 a5 24. Kd2 b4 25. a4 Ng6 26. h5 Nf8 27. Bf1 Nh7 28.
Bd3 Ng5 29. Bg6+ Ke7 30. Ke2 Rc8 31. f3 Kd6 32. Kf2 Ne7 33. Bd3 Rc7 34. Re2 Nc6
35. Rhe1 Re8 36. Bb5 Rec8 37. Kg2 Nxd4 38. Bxd4 Rxc2 39. Bb6 R2c3 40. Bxa5 Rxb3
41. Rf2 e5 42. Be2 Rb2 43. Bd1 Rb1 44. Rff1 Rcc1 45. Be2 Rxe1 46. Rxe1 Rb2 47.
Kf1 e4 48. fxe4 Nxe4 49. Bb6 f3 50. Bxf3 Nd2+ 51. Kf2 Nc4+ 52. Re2 Rxe2+ 53.
Kxe2 Nxb6 54. a5 Nc8 55. Kd2 Kc5 56. Be2 Nd6 57. Kc2 Nb5 58. Bf1 Nd4+ 59. Kb2
Nc6 60. a6 Kb6 61. Kb3 Ka5 62. Bd3 Nd4+ 63. Kb2 Kb6 64. Bf1 Ka7 65. Bd3 Ne6 66.
Be2 Nc5 67. Bf1 d4 68. Bb5 Kb6 69. Bc4 d3 70. Kc1 Nxa6 71. Bxd3 Nc5 72. Bb1 Kc6
73. Kd2 Kd5 74. Ke3 Ke5 75. Kf3 Ne6 76. Ke3 Nd4 77. Bd3 b3 78. Bb1 Nb5 79. Kf3
Nc3 0-1

[Event "Elit(Limhamn-Kungstornet)"]
[Site "?"]
[Date "2024.03.10"]
[Round "9"]
[White "Jepson, Christian"]
[Black "Glimbrant, Torbjorn"]
[Result "1/2-1/2"]
[WhiteElo "2388"]
[BlackElo "2010"]
[PlyCount "132"]
[SourceVersionDate "2024.03.13"]

1. Nf3 Nf6 2. c4 e6 3. g3 d5 4. Bg2 Be7 5. O-O O-O 6. d4 c6 7. b3 Nbd7 8. Qc2
b6 9. Nbd2 Bb7 10. e4 Nxe4 11. Nxe4 dxe4 12. Qxe4 Nf6 13. Qe2 c5 14. Rd1 cxd4
15. Nxd4 Qc8 16. Bb2 Bxg2 17. Kxg2 Qb7+ 18. Qf3 Qxf3+ 19. Kxf3 Rfc8 20. Ke2 Ne4
21. f3 Nc5 22. Rab1 a6 23. Ba1 Bf6 24. Ke3 h5 25. f4 e5 26. Nf5 Re8 27. fxe5
Bxe5 28. Kf3 Ne4 29. Kxe4 Bxa1+ 30. Kf3 Be5 31. Rd5 Bf6 32. Rbd1 Re6 33. Nd4
Bxd4 34. R1xd4 g6 35. Rd8+ Rxd8 36. Rxd8+ Kg7 37. Rd5 Kf6 38. a4 Re5 39. Rd6+
Re6 40. Rd5 Re5 41. Rd6+ Re6 42. Rd7 g5 43. h4 gxh4 44. gxh4 Rc6 45. Rd5 Kg6
46. Ke4 Re6+ 47. Kd4 f5 48. a5 Re4+ 49. Kd3 bxa5 50. c5 Re1 51. Rd6+ Kf7 52.
Rxa6 Ra1 53. Kd4 f4 54. Ke4 Rf1 55. Rxa5 f3 56. Ke3 Ke7 57. Rb5 Kd7 58. Rb6 Kc7
59. Rf6 Rb1 60. Rxf3 Rxb3+ 61. Kf4 Rxf3+ 62. Kxf3 Kc6 63. Kf4 Kxc5 64. Kg5 Kd6
65. Kxh5 Ke7 66. Kg6 Kf8 1/2-1/2

[Event "Elit(Rockaden, Stockholm-Wasa)"]
[Site "?"]
[Date "2024.03.10"]
[Round "9"]
[White "Cramling, Pia"]
[Black "Trost, Edvin"]
[Result "1/2-1/2"]
[WhiteElo "2437"]
[BlackElo "2418"]
[PlyCount "62"]
[SourceVersionDate "2024.03.12"]

1. d4 d5 2. c4 c6 3. cxd5 cxd5 4. Bf4 Nc6 5. e3 Nf6 6. Nc3 Bf5 7. Nf3 e6 8. Qb3
Bb4 9. Ne5 O-O 10. Nxc6 Bxc3+ 11. Qxc3 bxc6 12. Be2 Ne4 13. Qa3 g5 14. Be5 f6
15. Bg3 e5 16. O-O exd4 17. exd4 Re8 18. Rfe1 Qb6 19. Rad1 Re6 20. Bf1 Rae8 21.
f3 Nxg3 22. Rxe6 Rxe6 23. hxg3 h5 24. Qc3 Qb8 25. Re1 Rxe1 26. Qxe1 Qxb2 27.
Qe8+ Kg7 28. Qe7+ Kg6 29. Qe8+ Kg7 30. Qe7+ Kg6 31. Qe8+ Kg7 1/2-1/2

[Event "Elit(Eksjo-Orgryte)"]
[Site "?"]
[Date "2024.03.10"]
[Round "9"]
[White "Troberg Eskola, Love"]
[Black "Lukez, Franko"]
[Result "0-1"]
[WhiteElo "2045"]
[BlackElo "2295"]
[PlyCount "98"]
[SourceVersionDate "2024.03.13"]

1. c4 Nf6 2. Nc3 g6 3. Nf3 Bg7 4. e4 d6 5. d4 O-O 6. Be2 c5 7. O-O cxd4 8. Nxd4
Nc6 9. Be3 Bd7 10. Qd2 Nxd4 11. Bxd4 Bc6 12. f3 a5 13. b3 Nd7 14. Bxg7 Kxg7 15.
Qd4+ f6 16. Nd5 Bxd5 17. Qxd5 Qb6+ 18. Kh1 Nc5 19. Rab1 Rfc8 20. Rfe1 Qc6 21.
Qd2 e5 22. a3 Ne6 23. Bf1 Nd4 24. f4 b6 25. Qd3 Ra7 26. g3 Qc5 27. Bh3 Rcc7 28.
a4 Ra8 29. Rf1 Re8 30. f5 g5 31. Bg4 Rd8 32. Kg2 Qa3 33. Qc3 d5 34. exd5 Rxd5
35. h4 gxh4 36. Rh1 Rd8 37. Rxh4 Kh8 38. Rh6 Rg8 39. Kh3 Rcg7 40. Rh4 Rg5 41.
Re1 Qf8 42. Re4 Qg7 43. Rxd4 exd4 44. Qxd4 Rxf5 45. Qxb6 Rg5 46. Qd4 f5 47. Bd1
Rxg3+ 48. Kh2 Rg2+ 49. Kh3 Rg1 0-1

[Event "Elit(Limhamn-Kungstornet)"]
[Site "?"]
[Date "2024.03.10"]
[Round "9"]
[White "Andersson, Fredrik"]
[Black "Schneider, Stefan"]
[Result "1/2-1/2"]
[WhiteElo "2241"]
[BlackElo "2378"]
[PlyCount "66"]
[SourceVersionDate "2024.03.13"]

1. e4 c6 2. d4 d5 3. Nc3 dxe4 4. Nxe4 Nf6 5. Nxf6+ exf6 6. c3 Bd6 7. Bd3 O-O 8.
Qc2 Re8+ 9. Ne2 h5 10. Be3 h4 11. O-O-O Nd7 12. Kb1 Nf8 13. c4 Bg4 14. h3 Bh5
15. Rd2 Bb4 16. Nc3 b5 17. Ka1 Qa5 18. Qb3 Rab8 19. cxb5 cxb5 20. Rc2 Bg6 21.
Bxg6 Nxg6 22. Nd5 Bd6 23. Rhc1 b4 24. Rc6 Red8 25. Kb1 Bf8 26. Nc7 Qh5 27. Na6
Rb7 28. Nc5 Re7 29. Qc4 f5 30. Nb3 Red7 31. Bd2 a5 32. Ra6 Rd5 33. Rxa5 Rxa5
1/2-1/2

[Event "Elit(Rockaden, Stockholm-Wasa)"]
[Site "?"]
[Date "2024.03.10"]
[Round "9"]
[White "Sorensen, Hampus"]
[Black "Ostlund, Joar"]
[Result "1/2-1/2"]
[WhiteElo "2458"]
[BlackElo "2328"]
[PlyCount "76"]
[SourceVersionDate "2024.03.12"]

1. e4 e5 2. Nf3 Nc6 3. Bc4 Bc5 4. c3 Nf6 5. d3 d6 6. O-O a5 7. Re1 O-O 8. h3
Be6 9. Bb5 Ba7 10. Nbd2 Ne7 11. Nf1 c6 12. Ba4 Ng6 13. Ng3 Re8 14. Bc2 h6 15.
d4 Qc7 16. Be3 Rad8 17. Qc1 Nh7 18. Nf5 f6 19. N3h4 Nxh4 20. Nxh4 Ng5 21. f4
exf4 22. Bxf4 Qd7 23. Qe3 d5 24. exd5 Bxd5 25. Qg3 Rxe1+ 26. Rxe1 Re8 27. Nf5
Rxe1+ 28. Qxe1 Qe6 29. Qxe6+ Bxe6 30. h4 Nf7 31. a4 Bb6 32. Kf2 Kf8 33. Ke1 g5
34. Bg3 Bd5 35. Ne3 Be6 36. Nf5 Bd5 37. Ne3 Be6 38. Nf5 Bd5 1/2-1/2

[Event "Elit(Eksjo-Orgryte)"]
[Site "?"]
[Date "2024.03.10"]
[Round "9"]
[White "Malesevic, Nedeljko"]
[Black "Anderzen, Robert"]
[Result "1-0"]
[WhiteElo "2219"]
[BlackElo "2119"]
[PlyCount "47"]
[SourceVersionDate "2024.03.13"]

1. d4 Nf6 2. c4 e6 3. Nf3 Bb4+ 4. Nbd2 d5 5. Qa4+ Nc6 6. e3 Bd7 7. Qc2 O-O 8.
a3 Bd6 9. b4 Re8 10. b5 Na5 11. c5 Bf8 12. Qc3 c6 13. a4 b6 14. Ba3 a6 15. cxb6
axb5 16. Bc5 bxa4 17. Rxa4 Nb7 18. Rxa8 Qxa8 19. Bd3 Qa2 20. O-O Ra8 21. Nb3
Ra3 22. Bxa3 Qxa3 23. Ra1 Qd6 24. Ra8 1-0

[Event "Elit(Limhamn-Kungstornet)"]
[Site "?"]
[Date "2024.03.10"]
[Round "9"]
[White "Ziegler, Ari"]
[Black "Aroven, Mikael"]
[Result "1-0"]
[WhiteElo "2304"]
[BlackElo "2100"]
[PlyCount "71"]
[SourceVersionDate "2024.03.13"]

1. d4 Nf6 2. c4 e6 3. Nf3 Bb4+ 4. Bd2 Be7 5. Nc3 d5 6. Bf4 O-O 7. e3 a6 8. cxd5
Nxd5 9. Nxd5 exd5 10. Bd3 Bb4+ 11. Kf1 g6 12. h4 Nc6 13. h5 Bg4 14. Bh6 Re8 15.
hxg6 hxg6 16. Qc2 Bxf3 17. gxf3 Re6 18. f4 Ne7 19. f5 Rc6 20. Qb3 Rb6 21. a3
Bd6 22. Qc2 Nc6 23. fxg6 fxg6 24. Bxg6 Qf6 25. Rg1 Ne7 26. Bh5+ Kh8 27. Bg7+
Qxg7 28. Rxg7 Kxg7 29. Ke2 Rh8 30. Rg1+ Kf8 31. Bf3 Rh6 32. Rh1 Bh2 33. b4 Rbf6
34. Rxh2 Rxh2 35. Qxc7 Rhh6 36. Qd8+ 1-0

[Event "Elit(Rockaden, Stockholm-Wasa)"]
[Site "?"]
[Date "2024.03.10"]
[Round "9"]
[White "Wedberg, Tom"]
[Black "Wiedenkeller, Michael"]
[Result "1-0"]
[WhiteElo "2369"]
[BlackElo "2421"]
[PlyCount "135"]
[SourceVersionDate "2024.03.12"]

1. e4 e5 2. Nf3 Nc6 3. Bb5 Nf6 4. O-O Nxe4 5. d4 Nd6 6. Bxc6 dxc6 7. dxe5 Nf5
8. Qxd8+ Kxd8 9. Nc3 Ke8 10. Bf4 Be7 11. Rad1 Be6 12. b3 Rd8 13. Ne2 h6 14. h3
Nh4 15. Nfd4 Bc8 16. e6 Bxe6 17. Bxc7 Rd7 18. Nxe6 fxe6 19. Be5 Bf6 20. Bb8 a6
21. Nf4 g5 22. Nh5 Bc3 23. Rxd7 Kxd7 24. Rd1+ Kc8 25. Bg3 Nf5 26. Rd3 Bb2 27.
Kf1 Rd8 28. Rxd8+ Kxd8 29. Ke2 Bh8 30. Kd3 Kd7 31. f3 b5 32. Bf2 Kd6 33. g4 Ne7
34. Ng3 Nd5 35. Ne4+ Kc7 36. Bg3+ e5 37. a3 a5 38. c4 Nb6 39. Be1 a4 40. Ba5
Kb7 41. Nc5+ Ka7 42. cxb5 cxb5 43. bxa4 Nc4 44. Bb4 Nb2+ 45. Ke4 bxa4 46. Bc3
Nd1 47. Nxa4 Nf2+ 48. Kf5 Nxh3 49. Bxe5 Bxe5 50. Kxe5 Ng1 51. Ke4 Ka6 52. Nc3
Ka5 53. Nd5 Ka4 54. Ne7 Kxa3 55. Nf5 Kb4 56. Nxh6 Nh3 57. Nf7 Kc5 58. Kf5 Ng1
59. Nxg5 Kd6 60. Kf6 Ne2 61. Ne6 Nc3 62. Nf4 Na4 63. g5 Nb6 64. g6 Nd7+ 65. Kf7
Ne5+ 66. Kf8 Nd7+ 67. Ke8 Nf6+ 68. Kf7 1-0

[Event "Elit(Vasteras-Vaxjo)"]
[Site "?"]
[Date "2024.03.10"]
[Round "9"]
[White "Sumets, Andrey"]
[Black "Carlsson, Ludvig"]
[Result "1/2-1/2"]
[WhiteElo "2513"]
[BlackElo "2361"]
[PlyCount "39"]
[SourceVersionDate "2024.03.13"]

1. d4 Nf6 2. Nf3 d5 3. c4 e6 4. g3 Bb4+ 5. Bd2 a5 6. Qc2 O-O 7. Bg2 c5 8. cxd5
cxd4 9. Nxd4 Qb6 10. Nf3 exd5 11. O-O Bxd2 12. Qxd2 Nc6 13. Nc3 a4 14. e3 Rd8
15. a3 Bg4 16. Nd4 Ne4 17. Qd3 Nxd4 18. exd4 Qxb2 19. Nxe4 dxe4 20. Qxe4
1/2-1/2

[Event "Elit(Rockaden, Stockholm-Wasa)"]
[Site "?"]
[Date "2024.03.10"]
[Round "9"]
[White "Kenneskog, Theodor"]
[Black "Wessman, Richard"]
[Result "1/2-1/2"]
[WhiteElo "2364"]
[BlackElo "2395"]
[PlyCount "68"]
[SourceVersionDate "2024.03.12"]

1. e4 c6 2. d4 d5 3. e5 Bf5 4. Nf3 e6 5. Be2 c5 6. c3 Nc6 7. O-O cxd4 8. Nxd4
Nxd4 9. cxd4 Ne7 10. Nc3 Nc6 11. g4 Bg6 12. f4 f5 13. exf6 Bf7 14. fxg7 Bxg7
15. Be3 Qe7 16. Qd2 h5 17. g5 Bg6 18. Rac1 O-O 19. Na4 Rac8 20. a3 Qd6 21. Nc5
b6 22. Nb3 Ne7 23. Rxc8 Rxc8 24. Rc1 Qd7 25. Rxc8+ Nxc8 26. Qd1 Qf7 27. Nd2 Nd6
28. Nf3 Nc4 29. Bc1 Qf5 30. b3 Qg4+ 31. Kf1 Qh3+ 32. Kg1 Qg4+ 33. Kf1 Qh3+ 34.
Kg1 Qg4+ 1/2-1/2

[Event "Elit(Vasteras-Vaxjo)"]
[Site "?"]
[Date "2024.03.10"]
[Round "9"]
[White "Bergstrom, Peter"]
[Black "Solodovnichenko, Yuri"]
[Result "1-0"]
[WhiteElo "2311"]
[BlackElo "2477"]
[PlyCount "81"]
[SourceVersionDate "2024.03.13"]

1. e4 c5 2. Nf3 d6 3. d4 Nf6 4. Nc3 cxd4 5. Nxd4 a6 6. h3 e6 7. g4 Be7 8. g5
Nfd7 9. h4 b5 10. a3 Bb7 11. Be3 Nc6 12. Qd2 Nc5 13. f3 Rb8 14. Rg1 b4 15. axb4
Nxb4 16. h5 g6 17. Nd1 d5 18. c3 Nc6 19. b4 Nd7 20. exd5 exd5 21. Nxc6 Bxc6 22.
Bd4 Rg8 23. hxg6 Rxg6 24. f4 Bb5 25. Bh3 Nf8 26. Bf5 Rc6 27. Ne3 Ne6 28. Be5
Rb7 29. Bxh7 Bc4 30. Nf5 Bf8 31. Qh2 Bd3 32. Rd1 Be4 33. Ne3 Qb6 34. Rg3 Rd7
35. Bxe4 dxe4 36. Nd5 Rxd5 37. Rxd5 Bxb4 38. cxb4 e3 39. Qh8+ Nf8 40. Bc3 f6
41. Qh5+ 1-0

[Event "Elit(LASK-Stockholms SS)"]
[Site "?"]
[Date "2024.03.10"]
[Round "9"]
[White "Lokander, Martin"]
[Black "Pantzar, Milton"]
[Result "1/2-1/2"]
[WhiteElo "2452"]
[BlackElo "2461"]
[PlyCount "25"]
[SourceVersionDate "2024.03.12"]

1. d4 d5 2. Nf3 Nf6 3. c4 e6 4. Nc3 c6 5. Bg5 Nbd7 6. e3 h6 7. Bh4 g5 8. Bg3
Nh5 9. cxd5 exd5 10. Bd3 Nxg3 11. hxg3 Bg7 12. O-O Nb6 13. e4 1/2-1/2

[Event "Elit(Vasteras-Vaxjo)"]
[Site "?"]
[Date "2024.03.10"]
[Round "9"]
[White "Hillarp, Tiger"]
[Black "Akesson, Ralf"]
[Result "1-0"]
[WhiteElo "2491"]
[BlackElo "2389"]
[PlyCount "217"]
[SourceVersionDate "2024.03.13"]

1. c4 c6 2. Nf3 d5 3. e3 Nf6 4. Nc3 g6 5. d4 Bg7 6. Bd3 O-O 7. O-O Bg4 8. Qb3
Qb6 9. Ne5 Be6 10. h3 Nbd7 11. Nxd7 Nxd7 12. Qxb6 Nxb6 13. c5 Nd7 14. Bd2 a5
15. Na4 Bf5 16. Bxf5 gxf5 17. g3 e6 18. Rac1 Bf6 19. f3 h5 20. Rc2 Kh7 21. Bc3
Bd8 22. b3 Bc7 23. Rg2 Nf6 24. Be1 Rg8 25. Kf2 Rg6 26. Nb2 Rag8 27. Rfg1 Kg7
28. Nd3 Nd7 29. Nf4 Bxf4 30. gxf4 Ra8 31. Rxg6+ fxg6 32. a4 Kf7 33. Bd2 Ra6 34.
Rc1 Ra8 35. Ke2 Ra6 36. Be1 Ra8 37. Kd3 Ra6 38. Bh4 Ra8 39. Rc2 Ke8 40. Rg2 Kf7
41. Rb2 Ke8 42. Rb1 Nb8 43. Rg1 Kf7 44. Bd8 Nd7 45. Bc7 Nf6 46. Rb1 Nd7 47. b4
axb4 48. Rxb4 Ra7 49. Ke2 Ke7 50. Kf2 h4 51. a5 Ke8 52. Ke2 Ke7 53. Kd3 Ke8 54.
Rb1 Ke7 55. Kc3 Ke8 56. Kb4 Ke7 57. Rg1 Kf7 58. Ka4 Kg7 59. Rb1 Kf7 60. Bd8 Kg7
61. Bxh4 Nb8 62. Bd8 Na6 63. h4 Kf7 64. Rb2 Kg7 65. Bb6 Ra8 66. Bc7 Ra7 67.
Be5+ Kh6 68. Rg2 Ra8 69. Rb2 Ra7 70. Rb1 Kh5 71. Bf6 Kh6 72. Bd8 Kg7 73. Rg1
Kf7 74. Rb1 Kg7 75. Rb3 Kf7 76. Rb2 Kg7 77. Be7 Kf7 78. Bd6 Kg7 79. Rg2 Kh7 80.
h5 gxh5 81. Rg5 Ra8 82. Rxh5+ Kg6 83. Rg5+ Kf7 84. Rg1 Rd8 85. Be5 Rd7 86. Rg7+
Ke8 87. Rg6 Kf7 88. Rf6+ Ke7 89. Rh6 Kf7 90. Kb3 Ke7 91. Bd6+ Kf7 92. Kc3 Kg7
93. Rxe6 Kf7 94. Rh6 Kg7 95. Rh5 Rf7 96. Be5+ Kf8 97. Rh6 Ke7 98. Kd2 Kd7 99.
Ke2 Nb4 100. Kf2 Ke7 101. Kg3 Nc2 102. a6 bxa6 103. Rxc6 Nxe3 104. Rxa6 Nc4
105. Kh4 Rh7+ 106. Kg5 Rh3 107. Bf6+ Kd7 108. Kxf5 Rxf3 109. c6+ 1-0

[Event "Elit(LASK-Stockholms SS)"]
[Site "?"]
[Date "2024.03.10"]
[Round "9"]
[White "Holm, Kristian Stuvik"]
[Black "Westerberg, Jonathan"]
[Result "1/2-1/2"]
[WhiteElo "2484"]
[BlackElo "2469"]
[PlyCount "49"]
[SourceVersionDate "2024.03.12"]

1. c4 e6 2. g3 d5 3. Bg2 g6 4. Nf3 Bg7 5. O-O Ne7 6. d4 Nbc6 7. cxd5 exd5 8.
Nc3 O-O 9. e3 Nf5 10. Nd2 Nce7 11. b4 c6 12. a4 a5 13. Ba3 axb4 14. Bxb4 b6 15.
Qb3 Be6 16. Qa3 Re8 17. Rab1 Nc8 18. Rfc1 Bf8 19. Bxf8 Rxf8 20. Ne2 Nfe7 21.
Qb4 Qd7 22. Nf4 Bf5 23. Rb2 Qa7 24. Ra2 Qa5 25. Qxa5 1/2-1/2

[Event "Elit(Vasteras-Vaxjo)"]
[Site "?"]
[Date "2024.03.10"]
[Round "9"]
[White "Landgren, Andreas"]
[Black "Arman, Deniz"]
[Result "1/2-1/2"]
[WhiteElo "2228"]
[BlackElo "2305"]
[PlyCount "36"]
[SourceVersionDate "2024.03.13"]

1. d4 Nf6 2. c4 g6 3. Nc3 d5 4. Nf3 Bg7 5. Bg5 c5 6. dxc5 Ne4 7. Nxe4 dxe4 8.
Qxd8+ Kxd8 9. O-O-O+ Ke8 10. Nd4 Na6 11. Nb5 Bd7 12. Be3 Bxb5 13. cxb5 Nxc5 14.
Bxc5 Rc8 15. Kb1 Rxc5 16. e3 e6 17. Be2 Ke7 18. Rc1 Rhc8 1/2-1/2